Japan and the culture of the four seasons : nature, literature, and the arts /

Bibliographic Details
Main Author: Shirane, Haruo, 1951-
Format: Book
Language:English
Published: New York : Columbia University Press, c2012.
Subjects:
Classic Catalogue: View this record in Classic Catalogue
LEADER 02622nam a2200481 a 4500
001 45797
003 BD-DhAAL
005 20260518160103.0
008 260518t20121893nyuaf b 001 0 eng
010 |a  2011033921 
016 7 |a 015775839  |2 Uk 
020 |a 9780231152815 
020 |a 9780231152808 
020 |a 0231152809 
020 |a 9780231526524 
020 |a 0231526520 
035 |a 16948140 
035 |a (OCoLC)693812400 
040 |a DLC  |b eng  |c DLC  |d YDX  |d BTCTA  |d YDXCP  |d BWX  |d YAM  |d ERASA  |d UKMGB  |d DLC  |d BD-DhAAL 
042 |a pcc 
043 |a a-ja--- 
050 0 0 |a PL721.S4  |b S55 2012 
082 0 0 |a 895.60936  |2 23 
100 1 |a Shirane, Haruo,  |d 1951-  |9 60800 
245 1 0 |a Japan and the culture of the four seasons :  |b nature, literature, and the arts /  |c Haruo Shirane. 
246 3 |a Japan and the culture of the four seasons 
260 |a New York :  |b Columbia University Press,  |c c2012. 
300 |a xxi, 311 p., [8] p. of plates :  |b ill. (some col.) ;  |c 22 cm 
504 |a Includes bibliographical references (p. [249]-258) and indexes. 
505 0 |a Introduction : Secondary nature, climate, and landscape -- Poetic topics and the making of the four seasons -- Visual culture, classical poetry, and linked verse -- Interiorization, flowers, and social ritual -- Rural landscape, social difference, and conflict -- Trans-seasonality, talismans, and landscape -- Annual observances, famous places, and entertainment -- Seasonal pyramid, parody, and botany -- Conclusion : History, genre, and social community -- Appendix : Seasonal topics in key texts. 
526 8 |a AAL 
541 1 |a Donated by Embassy of Japan in Bangladesh, Read Japan Project 2025, The Tokyo Foundation, supported by The Nippon Foundation.  |e 45797 
650 0 |a Japanese literature  |x History and criticism.  |9 60852 
650 0 |a Seasons in literature.  |9 60853 
650 0 |a Arts and society  |z Japan.  |9 60854 
650 0 |a Philosophy of nature in literature.  |9 28283 
650 0 |a Seasons in art.  |9 60855 
650 0 |a Nature in art.  |9 60856 
651 0 |a Japan  |x Civilization. 
852 1 |a Ayesha Abed Library  |c General Stacks 
942 |2 ddc  |c BK 
999 |c 47981  |d 47981 
952 |0 0  |1 0  |2 ddc  |4 0  |6 895_609360000000000_SHI  |7 0  |9 79228  |a BRACUL  |b BRACUL  |d 2026-05-18  |e Donated by Embassy of Japan in Bangladesh, Read Japan Project 2025, The Tokyo Foundation, supported by The Nippon Foundation.  |l 0  |o 895.60936 SHI  |p 3010045797  |r 2026-05-18  |t 1  |w 2026-05-18  |y BK  |x Donated copy received from Embassy of Japan in Bangladesh, Read Japan Project 2025, The Tokyo Foundation, supported by The Nippon Foundation on 08 April 2026; $27.58 Amazon.com